[Event "Roncana op-A 13th"]
[Site "Santa Eulalia de Roncana"]
[Date "2019.11.09"]
[Round "6"]
[White "Argemi Camp, Jaume"]
[Black "Garcia Encinas, Pau"]
[Result "0-1"]
[WhiteElo "1672"]
[BlackElo "1642"]
[PlyCount "68"]
[EventDate "2019.09.28"]
[EventType "swiss"]
[EventRounds "8"]
[EventCountry "ESP"]
[SourceTitle "CBM 193 Extra"]
[Source "ChessBase"]
[SourceDate "2020.01.31"]
[SourceVersion "1"]
[SourceVersionDate "2020.01.31"]
[SourceQuality "1"]

1. e4 c5 2. g3 e6 3. d3 Nc6 4. Bg2 Be7 5. Nf3 Nf6 6. 0-0 h6 7. h4 d5 8. exd5 exd5 9. c3 Be6 10. d4 c4 11. b4 g5 12. a4 b6 13. a5 b5 14. Na3 a6 15. Ne5 Rc8 16. Nc2 Rg8 17. Ne3 Nxe5 18. dxe5 Ne4 19. Bxe4 dxe4 20. Qxd8+ Rxd8 21. Bb2 f6 22. exf6 Bxf6 23. Rfd1 Rd3 24. Rac1 Ke7 25. Kg2 Rgd8 26. g4 Be5 27. Re1 Bf4 28. Rc2 Bxe3 29. Rxe3 Rxe3 30. fxe3 Bxg4 31. Rf2 Bf3+ 32. Kg3 gxh4+ 33. Kxh4 Rd3 34. Rf1 h5 0-1

[Event "Roncana op-A 13th"]
[Site "Santa Eulalia de Roncana"]
[Date "2019.10.19"]
[Round "4"]
[White "Deulonder Camins, Xavier"]
[Black "Garcia Encinas, Pau"]
[Result "1-0"]
[WhiteElo "1932"]
[BlackElo "1642"]
[PlyCount "91"]
[EventDate "2019.09.28"]
[EventType "swiss"]
[EventRounds "8"]
[EventCountry "ESP"]
[SourceTitle "CBM 193 Extra"]
[Source "ChessBase"]
[SourceDate "2020.01.31"]
[SourceVersion "1"]
[SourceVersionDate "2020.01.31"]
[SourceQuality "1"]

1. e4 c5 2. Nf3 d6 3. d4 cxd4 4. Nxd4 Nf6 5. Nc3 a6 6. Bc4 e6 7. f3 Qc7 8. Bb3 Nc6 9. Nxc6 bxc6 10. Bf4 Be7 11. Qd2 0-0 12. 0-0-0 e5 13. Be3 Rb8 14. g4 Be6 15. g5 Nh5 16. h4 g6 17. f4 Bxb3 18. axb3 Rfd8 19. f5 d5 20. exd5 Qa5 21. fxg6 fxg6 22. Kb1 Bb4 23. d6 Rxd6 24. Qe2 Ng3 25. Qc4+ Kg7 26. Rxd6 Bxd6 27. Rd1 Qc7 28. Bf2 Nf5 29. Ne4 Rd8 30. Qxa6 Rd7 31. Qc4 Be7 32. Rxd7 Qxd7 33. Ka2 Qb7 34. Qd3 Qc7 35. Qc3 Bf8 36. Nf6 Qc8 37. Qxe5 Qa6+ 38. Kb1 Qb5 39. Qxb5 cxb5 40. c4 Bd6 41. c5 Be5 42. Nd7 Bc7 43. Kc2 Ne7 44. Kd3 h6 45. Bd4+ Kh7 46. Nf6+ 1-0

[Event "Llinars del Valles op-A 13th"]
[Site "Llinars del Valles"]
[Date "2019.05.04"]
[Round "4"]
[White "Vinolas Anglada, Laura"]
[Black "Garcia Encinas, Pau"]
[Result "1-0"]
[WhiteElo "1600"]
[BlackElo "1744"]
[PlyCount "57"]
[EventDate "2019.03.30"]
[EventType "swiss"]
[EventRounds "8"]
[EventCountry "ESP"]
[SourceTitle "EXT 2020"]
[Source "ChessBase"]
[SourceDate "2019.10.17"]
[SourceVersion "1"]
[SourceVersionDate "2019.10.17"]
[SourceQuality "1"]

1. e4 c5 2. Nc3 e6 3. g3 d5 4. exd5 exd5 5. Bg2 Nf6 6. d4 cxd4 7. Qxd4 Nc6 8. Qd3 Bb4 9. Nge2 0-0 10. 0-0 Be6 11. Bg5 Bxc3 12. Nxc3 d4 13. Ne4 Ne5 14. Qb5 Ned7 15. Rad1 Nb6 16. Bxf6 gxf6 17. Qh5 Kg7 18. f4 f5 19. Ng5 h6 20. Nf3 Nc4 21. Nxd4 Qb6 22. Rfe1 Rfd8 23. c3 Rd7 24. Kh1 Rad8 25. Bh3 Rxd4 26. Rxd4 Rxd4 27. cxd4 Qxd4 28. Qe2 Ne3 29. Qxe3 1-0

[Event "Llinars del Valles op-B 12th"]
[Site "Llinars del Valles"]
[Date "2018.05.05"]
[Round "4.3"]
[White "Vacas Arno, Gabriel"]
[Black "Garcia Encinas, Pau"]
[Result "0-1"]
[WhiteElo "1501"]
[BlackElo "1592"]
[PlyCount "80"]
[EventDate "2018.04.14"]
[EventType "swiss"]
[EventRounds "8"]
[EventCountry "ESP"]
[SourceTitle "CBM 184 Extra"]
[Source "ChessBase"]
[SourceDate "2018.06.28"]
[SourceVersion "1"]
[SourceVersionDate "2018.06.28"]
[SourceQuality "1"]

1. c4 c5 2. b3 Nf6 3. Bb2 e6 4. e3 d5 5. Nf3 Nc6 6. Be2 d4 7. d3 e5 8. h3 h6 9. Nbd2 Bf5 10. e4 Be6 11. a3 Nd7 12. Nh2 g6 13. Bg4 Qe7 14. Bxe6 Qxe6 15. Qg4 Qxg4 16. Nxg4 Bg7 17. 0-0 0-0 18. f4 exf4 19. Rxf4 h5 20. Nh2 Nde5 21. Rf3 Nxf3+ 22. Nhxf3 f5 23. exf5 Rxf5 24. Nh4 Rf6 25. Ne4 Re6 26. Nxc5 Re2 27. Bc1 b6 28. Ne4 Ne5 29. Bg5 Nxd3 30. Nf6+ Bxf6 31. Bxf6 Rf8 32. Bxd4 Re4 33. Nf3 Rxf3 34. gxf3 Rxd4 35. Rd1 Nf4 36. Rxd4 Ne2+ 37. Kf2 Nxd4 38. b4 Nc2 39. c5 Nxa3 40. Ke3 Kf7 0-1

[Event "Llinars del Valles op-B 12th"]
[Site "Llinars del Valles"]
[Date "2018.04.21"]
[Round "2.9"]
[White "Espada Espanol, Tura"]
[Black "Garcia Encinas, Pau"]
[Result "0-1"]
[WhiteElo "1422"]
[BlackElo "1592"]
[PlyCount "78"]
[EventDate "2018.04.14"]
[EventType "swiss"]
[EventRounds "8"]
[EventCountry "ESP"]
[SourceTitle "CBM 184 Extra"]
[Source "ChessBase"]
[SourceDate "2018.06.28"]
[SourceVersion "1"]
[SourceVersionDate "2018.06.28"]
[SourceQuality "1"]

1. e4 c5 2. Nf3 d6 3. d4 cxd4 4. Nxd4 Nf6 5. Nc3 a6 6. Be3 Ng4 7. Qd2 b5 8. 0-0-0 Nxe3 9. Qxe3 g6 10. f3 Bg7 11. Nb3 Nc6 12. Kb1 0-0 13. g4 Qc7 14. h4 Be6 15. Nd5 Bxd5 16. exd5 Ne5 17. c3 Rfb8 18. h5 b4 19. Rc1 Nc4 20. Qe4 Ne5 21. hxg6 hxg6 22. Be2 bxc3 23. Rxc3 Qd7 24. Rh4 a5 25. Rc2 Rb4 26. Qe3 f5 27. Qg1 Rab8 28. f4 a4 29. fxe5 axb3 30. axb3 Rxb3 31. gxf5 Qxf5 32. Kc1 Bxe5 33. Bg4 Qg5+ 34. Kd1 Qxh4 35. Be6+ Kg7 36. Rg2 Qd4+ 37. Kc1 Bf4+ 38. Kb1 Rxb2+ 39. Rxb2 Qxb2# 0-1

[Event "Llinars del Valles op 11th"]
[Site "Llinars del Valles"]
[Date "2017.06.10"]
[Round "8"]
[White "Nunez Ortiz, Damia"]
[Black "Garcia Encinas, Pau"]
[Result "1/2-1/2"]
[WhiteElo "1679"]
[BlackElo "1597"]
[PlyCount "60"]
[EventDate "2017.04.22"]
[EventType "swiss"]
[EventRounds "9"]
[EventCountry "CAT"]
[SourceTitle "EXT 2018"]
[Source "ChessBase"]
[SourceDate "2017.10.13"]
[SourceVersion "1"]
[SourceVersionDate "2017.10.13"]
[SourceQuality "1"]

1. Nf3 c5 2. b3 e6 3. e4 Nc6 4. Bb2 d5 5. exd5 exd5 6. Bb5 f6 7. 0-0 Bd6 8. d4 Bg4 9. dxc5 Bxc5 10. Qd3 a6 11. Bxc6+ bxc6 12. Nbd2 Ne7 13. Nd4 0-0 14. Qg3 Qd7 15. Qc3 Bb6 16. a4 c5 17. N4f3 Nc6 18. Ba3 Qd6 19. Qb2 a5 20. c3 Ne5 21. Nxe5 fxe5 22. f3 Bf5 23. Rad1 c4+ 24. Kh1 Bc5 25. Nxc4 Bxa3 26. Nxa3 Qc6 27. c4 dxc4 28. Nxc4 Rfb8 29. Qxe5 Bc2 30. Rd6 Qc7 1/2-1/2

[Event "Roncana op-B 9th"]
[Site "Santa Eulalia de Roncana"]
[Date "2015.11.14"]
[Round "6"]
[White "Parra Ordorica, Gorka"]
[Black "Garcia Encinas, Pau"]
[Result "1-0"]
[WhiteElo "1874"]
[BlackElo "1829"]
[PlyCount "117"]
[EventDate "2015.10.03"]
[EventType "swiss"]
[EventRounds "8"]
[EventCountry "ESP"]
[SourceTitle "EXT 2017"]
[Source "ChessBase"]
[SourceDate "2016.10.25"]
[SourceVersion "1"]
[SourceVersionDate "2016.10.25"]
[SourceQuality "1"]

1. e4 e5 2. Nf3 Nc6 3. Bb5 a6 4. Bxc6 dxc6 5. d4 Bg4 6. Be3 exd4 7. Qxd4 Bxf3 8. Qxd8+ Rxd8 9. gxf3 Nf6 10. Nd2 Kd7 11. Nc4 Re8 12. 0-0-0+ Kc8 13. Rhg1 Nh5 14. Rd3 g6 15. Rgd1 Nf6 16. Ne5 Bg7 17. Nxf7 Rhf8 18. Ng5 h6 19. Nh3 g5 20. Bd4 Rd8 21. Bxf6 Rxd3 22. Rxd3 Rxf6 23. b3 Rd6 24. Rxd6 cxd6 25. Kd2 Be5 26. Ke3 Bxh2 27. f4 Bxf4+ 28. Nxf4 gxf4+ 29. Kxf4 Kd7 30. Kf5 Ke7 31. Kg6 b5 32. c3 h5 33. Kxh5 Kf6 34. Kg4 c5 35. f4 a5 36. f5 a4 37. bxa4 bxa4 38. a3 c4 39. Kf4 Ke7 40. Kg5 Kf7 41. f6 Kf8 42. Kf5 Kf7 43. e5 dxe5 44. Kxe5 Kf8 45. Kd5 Kf7 46. Kxc4 Kxf6 47. Kb4 Ke6 48. Kxa4 Kd6 49. Kb5 Kc7 50. c4 Kb7 51. c5 Kc7 52. a4 Kc8 53. Kc6 Kb8 54. Kd7 Ka8 55. c6 Ka7 56. c7 Kb6 57. c8Q Ka7 58. Kd6 Kb6 59. Qb8+ 1-0

[Event "Roncana op-B 9th"]
[Site "Santa Eulalia de Roncana"]
[Date "2015.10.31"]
[Round "4"]
[White "Bosch Ricart, Joan"]
[Black "Garcia Encinas, Pau"]
[Result "1/2-1/2"]
[WhiteElo "1858"]
[BlackElo "1829"]
[PlyCount "89"]
[EventDate "2015.10.03"]
[EventType "swiss"]
[EventRounds "8"]
[EventCountry "ESP"]
[SourceTitle "EXT 2017"]
[Source "ChessBase"]
[SourceDate "2016.10.25"]
[SourceVersion "1"]
[SourceVersionDate "2016.10.25"]
[SourceQuality "1"]

1. e4 e5 2. Nf3 Nc6 3. Bb5 a6 4. Ba4 d6 5. d4 Bg4 6. Bxc6+ bxc6 7. dxe5 dxe5 8. Qxd8+ Rxd8 9. Nbd2 Bd6 10. h3 Bxf3 11. Nxf3 h6 12. 0-0 Nf6 13. Re1 0-0 14. Bd2 Rfe8 15. Bc3 Nd7 16. Nd2 Nb6 17. b3 f6 18. a4 Nc8 19. Nc4 Bc5 20. b4 Bd4 21. Ra3 Na7 22. Bb2 Nb5 23. Rb3 Rd7 24. Rd3 Red8 25. Red1 Kf7 26. Kf1 Nd6 27. Nxd6+ Rxd6 28. c3 Bc5 29. Rxd6 Rxd6 30. Rxd6 Bxd6 31. Ba3 Ke6 32. g4 g6 33. f3 f5 34. Ke2 fxg4 35. fxg4 Kd7 36. c4 g5 37. c5 Be7 38. Bb2 Ke6 39. Bc3 Bf6 40. Kf3 Kf7 41. Bd2 Kg6 42. Kg3 h5 43. gxh5+ Kxh5 44. Be3 Be7 45. Bd2 1/2-1/2

[Event "Roncana op-B 9th"]
[Site "Santa Eulalia de Roncana"]
[Date "2015.10.24"]
[Round "3"]
[White "De Lomas Busquets, Alex"]
[Black "Garcia Encinas, Pau"]
[Result "0-1"]
[WhiteElo "1788"]
[BlackElo "1829"]
[PlyCount "70"]
[EventDate "2015.10.03"]
[EventType "swiss"]
[EventRounds "8"]
[EventCountry "ESP"]
[SourceTitle "EXT 2017"]
[Source "ChessBase"]
[SourceDate "2016.10.25"]
[SourceVersion "1"]
[SourceVersionDate "2016.10.25"]
[SourceQuality "1"]

1. e4 e5 2. Nf3 Nc6 3. Bc4 Bc5 4. 0-0 Nf6 5. d3 h6 6. c3 0-0 7. Nbd2 d6 8. b4 Bb6 9. Qb3 a6 10. Nh4 Ne7 11. Bb2 c6 12. d4 d5 13. exd5 cxd5 14. Be2 e4 15. b5 a5 16. Ba3 Re8 17. Bxe7 Rxe7 18. c4 Bxd4 19. Rac1 b6 20. cxd5 Qxd5 21. Qxd5 Nxd5 22. Rxc8+ Rxc8 23. Nf5 Bxf2+ 24. Rxf2 Rec7 25. Nc4 Nc3 26. Nxb6 Rb8 27. Nc4 Nxe2+ 28. Rxe2 Rxc4 29. Nd6 Rd4 30. Nxe4 Rxb5 31. Nc3 Rc5 32. Ne4 Re5 33. Ng3 Rxe2 34. Nxe2 Rd2 35. Nc3 Rc2 0-1

[Event "Roncana op-B 9th"]
[Site "Santa Eulalia de Roncana"]
[Date "2015.10.03"]
[Round "1"]
[White "Garcia Encinas, Pau"]
[Black "Miralles Ferri, Salvador"]
[Result "1-0"]
[WhiteElo "1829"]
[BlackElo "1727"]
[PlyCount "98"]
[EventDate "2015.10.03"]
[EventType "swiss"]
[EventRounds "8"]
[EventCountry "ESP"]
[SourceTitle "EXT 2017"]
[Source "ChessBase"]
[SourceDate "2016.10.25"]
[SourceVersion "1"]
[SourceVersionDate "2016.10.25"]
[SourceQuality "1"]

1. e4 e5 2. Nf3 Nc6 3. Bb5 d6 4. d4 a6 5. Bxc6+ bxc6 6. dxe5 Bg4 7. h3 Bxf3 8. Qxf3 dxe5 9. 0-0 Bd6 10. Be3 h6 11. Nc3 Nf6 12. Rad1 Qe7 13. Ne2 0-0 14. Ng3 Nh7 15. Qg4 Nf6 16. Qf3 Nh7 17. Nf5 Qf6 18. Nxd6 Qxf3 19. gxf3 cxd6 20. Rxd6 c5 21. c4 f5 22. b3 f4 23. Bxc5 Rfe8 24. Kh2 Nf8 25. Rg1 Re6 26. Rgd1 Rxd6 27. Rxd6 a5 28. Rd5 Ng6 29. Rd3 Kh7 30. a3 Ra6 31. b4 axb4 32. Bxb4 Rc6 33. c5 Nh4 34. Rd6 Nxf3+ 35. Kg2 Nd4 36. Rxc6 Nxc6 37. Bc3 Kg8 38. a4 Kf7 39. a5 Ke6 40. a6 h5 41. Ba5 Kd7 42. Bb6 Kc8 43. h4 Kb8 44. Kf1 Nb4 45. a7+ Kb7 46. Ke2 Nc6 47. Kd3 Nxa7 48. Bxa7 Kxa7 49. Kc4 Kb7 1-0

[Event "Roncana op-C 8th"]
[Site "Santa Eulalia de Roncana"]
[Date "2014.11.29"]
[Round "7"]
[White "Garcia Encinas, Pau"]
[Black "Dartmann Aubanell, Catriona"]
[Result "1-0"]
[WhiteElo "1769"]
[BlackElo "1760"]
[PlyCount "83"]
[EventDate "2014.10.11"]
[EventType "swiss"]
[EventRounds "8"]
[EventCountry "ESP"]
[SourceTitle "EXT 2022"]
[Source "ChessBase"]
[SourceDate "2021.10.06"]
[SourceVersion "1"]
[SourceVersionDate "2021.10.06"]
[SourceQuality "1"]

1. e4 e6 2. d4 d5 3. Nc3 Bb4 4. e5 Bxc3+ 5. bxc3 Ne7 6. Qg4 Ng6 7. Bd3 f5 8. Qg3 Nc6 9. Bg5 Nce7 10. Ne2 Qd7 11. h4 Nf8 12. Be3 g6 13. Bh6 b6 14. Bg7 Rg8 15. Bf6 Bb7 16. a4 a6 17. Nc1 Qc6 18. Be2 Qd7 19. Nb3 b5 20. Nc5 Qc6 21. a5 Nd7 22. Bxe7 Nxc5 23. Bxc5 h6 24. Bh5 0-0-0 25. Bxg6 h5 26. Qg5 Rd7 27. Qxh5 Rdg7 28. Bf7 Rf8 29. Bxe6+ Kb8 30. Qf3 Re8 31. Bxf5 Rf7 32. Qd3 Rg8 33. g3 Bc8 34. Bxc8 Rxc8 35. f4 Rg8 36. Rg1 Rfg7 37. Kd2 Qg6 38. Qxg6 Rxg6 39. f5 Rxg3 40. Rxg3 Rxg3 41. f6 Rg2+ 42. Kc1 1-0

[Event "Roncana op-C 8th"]
[Site "Santa Eulalia de Roncana"]
[Date "2014.10.11"]
[Round "1"]
[White "Casares Bonals, Ainhoa"]
[Black "Garcia Encinas, Pau"]
[Result "0-1"]
[WhiteElo "1700"]
[BlackElo "1769"]
[PlyCount "69"]
[EventDate "2014.10.11"]
[EventType "swiss"]
[EventRounds "8"]
[EventCountry "ESP"]
[SourceTitle "EXT 2016"]
[Source "ChessBase"]
[SourceDate "2015.10.08"]
[SourceVersion "1"]
[SourceVersionDate "2015.10.08"]
[SourceQuality "1"]

1. e4 e5 2. Nf3 Nc6 3. Bc4 Bc5 4. Nc3 d6 5. d3 Bg4 6. Be3 Bb6 7. Bxb6 axb6 8. 0-0 Nd4 9. Bb5+ c6 10. Bc4 b5 11. Bb3 Nxf3+ 12. gxf3 Bh3 13. f4 exf4 14. Qh5 Qd7 15. Rfe1 Bg4 16. Bxf7+ Kf8 17. Qh4 Kxf7 18. Ne2 h6 19. f3 Be6 20. Nxf4 Nf6 21. Qg3 g5 22. Ng2 Rhg8 23. Kh1 Nh5 24. Qf2 Rae8 25. Rg1 Kf8 26. Rgf1 Nf4 27. b3 Bc4 28. bxc4 b4 29. c5 Rd8 30. cxd6 Qxd6 31. Kg1 Qe7 32. Qa7 Qc7 33. Rfe1 Qb8 34. Qxb8 Rxb8 35. Rad1 0-1